[Event "CZE Extraliga 2021-22"]
[Site "Czech Republic"]
[Date "2021.10.17"]
[Round "2.3"]
[White "Pechac, Jergus"]
[Black "Grandelius, Nils"]
[Result "0-1"]
[WhiteElo "2544"]
[BlackElo "2662"]
[Annotator "TA"]
[PlyCount "58"]
[EventDate "2021.10.17"]
[EventCountry "CZE"]
[SourceTitle "playchess.com"]
[Source "ChessBase"]
[SourceQuality "1"]

{[%evp 20,58,0,0,0,0,2,0,0,0,0,0,0,0,0,0,0,-21,-19,-26,-26,-26,-26,-26,-21,-26,-29,-317,-315,-311,-323,-429,-415,-469,-468,-471,-465,-856,-344,-5135,0]} 1. e4 c5 2. Nf3 d6 3. d4 cxd4 4. Nxd4 Nf6 5. Nc3 a6 6. a4 g6 7. Be2 Bg7 8. O-O O-O 9. Be3 Nc6 10. Nxc6 bxc6 11. a5 Rb8 {[#] B90: Sicilian Najdorf: Unusual White 6th moves, 6 Be3 Ng4 and 6 Be3 e5.} 12. b3 $146 ({Predecessor:} 12. Ra2 Be6 13. b3 Qc8 14. Qd3 Nd7 15. Na4 c5 16. f4 Qc7 17. Qd2 Nf6 18. Bf3 Rb4 19. Nc3 {0-1 (45) Draskovic,L (2449)-Noritsyn,N (2482) Batumi 2018}) 12... c5 13. Qd2 Qc7 {The position is equal.} 14. Bh6 Bxh6 15. Qxh6 Be6 16. Bxa6 Ra8 17. Bd3 Rxa5 18. Nb5 Qb6 19. Rxa5 Qxa5 20. Qg5 c4 21. bxc4 Rc8 22. e5 {[#]} Rc5 $1 23. Nxd6 $2 {[%mdl 8192] White does not recover from this.} (23. f4 $11 {and White stays safe.}) 23... Rxe5 $19 24. Qh4 Qb4 25. Ne4 Nxe4 {[%mdl 64] Overworked Piece} 26. Bxe4 Qxc4 27. f3 {[#]} f5 $1 28. Qxe7 {[#]} (28. Rb1 $142 Qc5+ 29. Qf2 fxe4 30. fxe4) 28... Qd4+ ({Worse is} 28... fxe4 29. Qe8+ Kg7 30. Qe7+ Kg8 31. Qe8+ Kg7 32. Qe7+ Kg8 $11) (28... Qxf1+ $142 $3 {[%mdl 512]} 29. Kxf1 Bc4+ {[%mdl 64] Discovered Attack} 30. Kf2 Rxe7) 29. Rf2 $2 (29. Kh1 Bf7 30. Qc7 fxe4 31. fxe4) 29... Qd1+ $2 {[%mdl 32768] Weighted Error Value: White=0.89/Black=0.32. Loss on time!?} ({Black should play} 29... Bc4 $19 30. Bd5+ Qxd5) 0-1

[Event "CZE Extraliga 2021-22"]
[Site "Czech Republic"]
[Date "2021.10.17"]
[Round "2.3"]
[White "LYS5 Yemelin Vasily GM 2527"]
[Black "OST5 Rasik Vitezslav GM 2425"]
[Result "1/2-1/2"]
[WhiteElo "2527"]
[BlackElo "2425"]
[Annotator "NA"]
[PlyCount "28"]
[EventDate "2021.10.17"]
[EventCountry "CZE"]
[SourceTitle "playchess.com"]
[Source "ChessBase"]
[SourceQuality "1"]
[TimeControl "40/5400+30:1800+30"]

1. e4 {[%emt 0:00:03]} d6 {[%emt 0:00:35]} 2. d4 {[%emt 0:00:12]} g6 {[%emt 0:00:14]} 3. Nf3 {[%emt 0:00:41]} Nf6 {[%emt 0:00:24]} 4. Bd3 {[%emt 0:00:55]} Bg7 {[%emt 0:00:09]} 5. O-O {[%emt 0:00:15]} O-O {[%emt 0:00:05]} 6. Re1 {[%emt 0:01:23]} Nc6 {[%emt 0:00:21]} 7. c3 {[%emt 0:05:49]} e5 {[%emt 0:02:15]} 8. Nbd2 {[%emt 0:03:08]} Nh5 {[%emt 0:10:25]} 9. Nb3 {[%emt 0:00:54]} h6 {[%emt 0:08:13]} 10. Be3 {[%emt 0:05:36]} Qf6 {[%emt 0:04:24]} 11. g3 {[%emt 0:20:33]} Bg4 {[%emt 0:12:53]} 12. Be2 {[%emt 0:00:44]} Qd8 {[%emt 0:08:22]} 13. dxe5 {[%emt 0:24:42]} dxe5 {[%emt 0:07:13]} 14. Qc1 {[%emt 0:16:23]} Nf6 {[%emt 0:09:52]} 1/2-1/2

[Event "CZE Extraliga 2021-22"]
[Site "Czech Republic"]
[Date "2021.10.17"]
[Round "2.3"]
[White "Bernasek, Jan"]
[Black "Stalmach, Richard"]
[Result "1-0"]
[WhiteElo "2498"]
[BlackElo "2352"]
[Annotator "ChessBase"]
[PlyCount "55"]
[EventDate "2021.10.17"]
[EventCountry "CZE"]
[SourceTitle "playchess.com"]
[Source "ChessBase"]
[SourceQuality "1"]
[TimeControl "40/5400+30:1800+30"]

1. e4 {[%emt 0:00:11]} c5 {[%emt 0:00:38]} 2. Nf3 {[%emt 0:00:07]} Nc6 {[%emt 0:01:36]} 3. Bb5 {[%emt 0:00:26]} g6 {[%emt 0:00:20]} 4. O-O {[%emt 0:01:49]} Bg7 {[%emt 0:00:45]} 5. c3 {[%emt 0:01:42]} e5 {[%emt 0:05:49]} 6. d3 {[%emt 0:06:07]} Nge7 {[%emt 0:01:11]} 7. Be3 {[%emt 0:05:16]} d6 {[%emt 0:02:11]} 8. h3 {[%emt 0:05:33]} O-O {[%emt 0:02:27]} 9. Nh2 {[%emt 0:05:28]} Be6 {[%emt 0:09:04]} 10. Ba4 {[%emt 0:05:59]} Rc8 {[%emt 0:05:41]} 11. Nd2 {[%emt 0:02:58]} b6 {[%emt 0:01:00]} 12. f4 {[%emt 0:13:12]} d5 {[%emt 0:10:44]} 13. fxe5 {[%emt 0:03:15]} dxe4 {[%emt 0:04:25]} 14. Nxe4 {[%emt 0:03:07]} Nxe5 {[%emt 0:00:29]} 15. Bg5 {[%emt 0:05:24]} Bf5 {[%emt 0:09:09]} 16. Bc2 {[%emt 0:04:57]} h6 {[%emt 0:01:59]} 17. Bh4 {[%emt 0:01:52]} Bxe4 {[%emt 0:05:21]} 18. dxe4 {[%emt 0:00:25]} g5 {[%emt 0:00:16]} 19. Bg3 {[%emt 0:00:58]} Nc4 {[%emt 0:04:02]} 20. Qe2 {[%emt 0:02:01]} Nxb2 {[%emt 0:05:59]} 21. Rab1 {[%emt 0:10:27]} Bxc3 {[%emt 0:00:41]} 22. e5 {[%emt 0:00:49]} Rc6 {[%emt 0:09:10]} 23. Ng4 {[%emt 0:03:04]} Qd4+ {[%emt 0:04:34]} 24. Kh1 {[%emt 0:02:27]} Nd5 {[%emt 0:00:42]} 25. Be4 {[%emt 0:05:26]} Nc4 {[%emt 0:05:08]} 26. Bf2 {[%emt 0:04:00]} Nce3 {[%emt 0:06:48]} 27. Bxd5 {[%emt 0:02:30]} Nxf1 {[%emt 0:00:25]} 28. Bxc6 {[%emt 0:00:26]} 1-0

[Event "CZE Extraliga 2021-22"]
[Site "Czech Republic"]
[Date "2021.10.17"]
[Round "2.3"]
[White "DPP3 Pulpan Jakub IM 2406"]
[Black "FMA6 Antoniewski Rafal GM 2472"]
[Result "1/2-1/2"]
[WhiteElo "2406"]
[BlackElo "2472"]
[Annotator "NA"]
[PlyCount "51"]
[EventDate "2021.10.17"]
[EventCountry "CZE"]
[SourceTitle "playchess.com"]
[Source "ChessBase"]
[SourceQuality "1"]
[TimeControl "40/5400+30:1800+30"]

1. Nf3 Nf6 2. b3 g6 3. Bb2 Bg7 4. g3 d6 5. d4 b5 6. Bg2 Bb7 7. O-O O-O 8. Na3 c6 9. Re1 d5 10. c4 bxc4 11. bxc4 Nbd7 12. Rb1 Ne4 13. Nd2 Nxd2 14. Qxd2 Nf6 15. Nc2 Qd7 16. Ba3 Rfb8 17. Qb4 Bf8 18. Qa5 Bc8 19. Nb4 e6 20. Nd3 Bxa3 21. Qxa3 Qc7 22. Ne5 Kg7 23. Rbc1 Rb6 24. cxd5 exd5 25. Qc5 Be6 26. Qa5 1/2-1/2

[Event "CZE Extraliga 2021-22"]
[Site "Czech Republic"]
[Date "2021.10.17"]
[Round "2.4"]
[White "Socko, Bartosz"]
[Black "Votava, Jan"]
[Result "1-0"]
[WhiteElo "2632"]
[BlackElo "2492"]
[Annotator "TA"]
[PlyCount "92"]
[EventDate "2021.10.17"]
[EventCountry "CZE"]
[SourceTitle "playchess.com"]
[Source "ChessBase"]
[SourceQuality "1"]

{[%evp 9,92,9,10,6,25,11,16,21,15,0,19,0,8,6,14,-29,20,-54,13,8,26,10,26,22,33,21,19,25,35,0,57,67,86,76,89,69,124,97,103,109,133,127,129,114,90,117,209,183,195,177,168,165,185,137,143,146,143,143,143,147,139,139,139,138,152,143,174,174,238,221,229,229,201,174,247,247,268,262,339,302,292,216,496,512,495]} 1. d4 Nf6 2. c4 e6 3. Nf3 d5 4. g3 Bb4+ 5. Nbd2 a5 6. Bg2 {E01: Catalan: Early deviations.} b6 7. cxd5 exd5 8. O-O {The position is equal.} O-O 9. Ne5 Bb7 10. Ndf3 Ne4 11. Bf4 Bd6 12. Rc1 {[#]} Na6 $146 ({Predecessor:} 12... f6 13. Nd3 Na6 14. a3 Re8 15. b4 axb4 16. axb4 c6 17. Bxd6 Nxd6 18. e3 Nc7 {½-½ (58) Jablonicky,M (2304)-Ivanov,M (2425) Ceske Budejovice 2017}) 13. Qb3 (13. Nd3 $11) 13... Qe8 (13... c5 $15) 14. Nd3 $11 Rd8 15. Rfd1 Bc6 {Threatens to win with ...Ba4.} 16. Bxd6 Rxd6 17. Qa3 Ba4 18. Re1 Bb5 19. Nf4 Qd8 (19... f6 $11) 20. Ne5 $14 Nf6 21. Qb3 Be8 22. e3 Nb8 ({Better is} 22... c5 $14) 23. Rc2 c6 24. Rec1 g6 25. Qa3 $36 {[%mdl 2048] White is really pushing.} Kg7 26. b4 axb4 27. Qxb4 b5 (27... c5 $16 28. Qb2 (28. dxc5 Na6 $16) 28... c4) 28. Nfd3 Ne4 29. Bxe4 Na6 30. Qb1 ({Stronger than} 30. Nxc6 Rxc6 31. Qa3 Rxc2 $17) 30... dxe4 31. Nc5 Nxc5 32. Rxc5 {[%mdl 64] [#] Discovered Attack} ({And not} 32. dxc5 Re6 $17) 32... Qa8 {White should prevent ...f6.} 33. Qxe4 Qxa2 34. Nxc6 Rf6 {[#]} 35. Qc2 {[%cal Rc2a2]} Qxc2 36. R1xc2 Bxc6 37. Rxc6 Rxc6 38. Rxc6 $16 {[%mdl 4096] Endgame KR-KR} Ra8 (38... Rb8 {was necessary.} 39. Kf1 h5) 39. Rb6 $18 Ra1+ 40. Kg2 Rb1 41. g4 h6 (41... Rb2 {was called for.} 42. h4 b4) 42. h4 b4 43. h5 gxh5 44. gxh5 b3 45. Kf3 b2 $2 (45... Rh1 46. Rb5 (46. Rxb3 Rxh5 47. Kf4 Rh4+ 48. Ke5 Rh5+ 49. Kf4 Rh4+ 50. Kf5 Rh5+ 51. Kf4 $18) 46... Rb1) 46. Ke4 Kf8 {Weighted Error Value: White=0.12/Black=0.27} 1-0

[Event "CZE Extraliga 2021-22"]
[Site "Czech Republic"]
[Date "2021.10.17"]
[Round "2.4"]
[White "OST6 Velicka Petr GM 2398"]
[Black "LYS6 Oral Tomas GM 2494"]
[Result "1/2-1/2"]
[WhiteElo "2398"]
[BlackElo "2494"]
[Annotator "NA"]
[PlyCount "20"]
[EventDate "2021.10.17"]
[EventCountry "CZE"]
[SourceTitle "playchess.com"]
[Source "ChessBase"]
[SourceQuality "1"]
[TimeControl "40/5400+30:1800+30"]

1. e4 {[%emt 0:00:03]} c5 {[%emt 0:00:20]} 2. Nf3 {[%emt 0:00:07]} e6 {[%emt 0:00:07]} 3. d4 {[%emt 0:00:04]} cxd4 {[%emt 0:00:17]} 4. Nxd4 {[%emt 0:00:07]} Nf6 {[%emt 0:00:22]} 5. Nc3 {[%emt 0:00:09]} d6 {[%emt 0:00:29]} 6. g4 {[%emt 0:00:06]} h6 {[%emt 0:00:23]} 7. h4 {[%emt 0:00:15]} Nc6 {[%emt 0:00:51]} 8. Rg1 {[%emt 0:01:46]} h5 {[%emt 0:00:17]} 9. gxh5 {[%emt 0:02:29]} Nxh5 {[%emt 0:00:27]} 10. Bg5 {[%emt 0:00:15]} Nf6 {[%emt 0:00:17]} 1/2-1/2

[Event "CZE Extraliga 2021-22"]
[Site "Czech Republic"]
[Date "2021.10.17"]
[Round "2.4"]
[White "FMA7 Szotkowski Jakub IM 2348"]
[Black "DPP5 Miesbauer Jan FM 2410"]
[Result "0-1"]
[WhiteElo "2348"]
[BlackElo "2410"]
[Annotator "NA"]
[PlyCount "76"]
[EventDate "2021.10.17"]
[EventCountry "CZE"]
[SourceTitle "playchess.com"]
[Source "ChessBase"]
[SourceQuality "1"]
[TimeControl "40/5400+30:1800+30"]

1. d4 {[%emt 0:00:09]} Nf6 {[%emt 0:00:34]} 2. c4 {[%emt 0:00:16]} e6 {[%emt 0:02:45]} 3. g3 {[%emt 0:00:36]} d5 {[%emt 0:02:01]} 4. Bg2 {[%emt 0:00:17]} Bb4+ {[%emt 0:03:14]} 5. Bd2 {[%emt 0:00:22]} a5 {[%emt 0:00:26]} 6. Nf3 {[%emt 0:05:15]} O-O {[%emt 0:00:37]} 7. O-O {[%emt 0:00:58]} Nc6 {[%emt 0:05:40]} 8. a3 {[%emt 0:05:16]} Bd6 {[%emt 0:00:57]} 9. Qc2 {[%emt 0:08:42]} Re8 {[%emt 0:06:46]} 10. Rd1 {[%emt 0:04:52]} Bd7 {[%emt 0:03:27]} 11. Nc3 {[%emt 0:06:21]} dxc4 {[%emt 0:02:58]} 12. e4 {[%emt 0:01:35]} e5 {[%emt 0:04:02]} 13. dxe5 {[%emt 0:08:23]} Nxe5 {[%emt 0:00:14]} 14. Nxe5 {[%emt 0:00:10]} Bxe5 {[%emt 0:00:34]} 15. Bg5 {[%emt 0:00:56]} h6 {[%emt 0:02:56]} 16. Bxf6 {[%emt 0:01:20]} Bxf6 {[%emt 0:00:06]} 17. Bh3 {[%emt 0:01:22]} Bxh3 {[%emt 0:00:22]} 18. Rxd8 {[%emt 0:00:18]} Raxd8 {[%emt 0:00:03]} 19. Nd5 {[%emt 0:09:54]} Be5 {[%emt 0:00:08]} 20. Rd1 {[%emt 0:13:00]} c6 {[%emt 0:06:32]} 21. Ne3 {[%emt 0:01:56]} b5 {[%emt 0:00:42]} 22. Rd2 {[%emt 0:08:13]} a4 {[%emt 0:05:57]} 23. Qd1 {[%emt 0:04:27]} Bf6 {[%emt 0:01:32]} 24. Rd6 {[%emt 0:02:32]} Be6 {[%emt 0:09:44]} 25. e5 {[%emt 0:04:38]} Be7 {[%emt 0:00:08]} 26. Rd4 {[%emt 0:00:22]} Rc8 {[%emt 0:02:32]} 27. Qf3 {[%emt 0:08:16]} Bc5 {[%emt 0:03:12]} 28. Rd1 {[%emt 0:00:46]} c3 {[%emt 0:01:07]} 29. bxc3 {[%emt 0:00:16]} Bxa3 {[%emt 0:00:13]} 30. Nf5 {[%emt 0:00:15]} Bf8 {[%emt 0:01:04]} 31. Nd6 {[%emt 0:02:26]} Bxd6 {[%emt 0:00:26]} 32. exd6 {[%emt 0:00:05]} Red8 {[%emt 0:00:20]} 33. Qe3 {[%emt 0:01:29]} Bb3 {[%emt 0:05:14]} 34. Rd2 {[%emt 0:01:15]} Ra8 {[%emt 0:00:54]} 35. d7 {[%emt 0:00:30]} a3 {[%emt 0:00:28]} 36. Qe1 {[%emt 0:00:30]} a2 {[%emt 0:00:13]} 37. Qa1 {[%emt 0:00:03]} Ra7 {[%emt 0:00:19]} 38. Kg2 {[%emt 0:00:58]} Rdxd7 {[%emt 0:00:41]} 0-1

[Event "CZE Extraliga 2021-22"]
[Site "Czech Republic"]
[Date "2021.10.17"]
[Round "2.4"]
[White "Mica, Marek"]
[Black "Jurcik, Marian"]
[Result "1-0"]
[WhiteElo "2321"]
[BlackElo "2406"]
[Annotator "NA"]
[PlyCount "111"]
[EventDate "2021.10.17"]
[EventCountry "CZE"]
[SourceTitle "playchess.com"]
[Source "ChessBase"]
[SourceQuality "1"]
[TimeControl "40/5400+30:1800+30"]

1. d4 e6 2. c4 Bb4+ 3. Nd2 c5 4. a3 Bxd2+ 5. Qxd2 cxd4 6. Nf3 Nf6 7. Nxd4 O-O 8. g3 d5 9. Bg2 e5 10. Nb5 d4 11. f4 Ng4 12. fxe5 Ne3 13. Bf3 Nxc4 14. Qxd4 Qxd4 15. Nxd4 Nxe5 16. Bf4 Nxf3+ 17. exf3 Nc6 18. Nxc6 bxc6 19. Rc1 Re8+ 20. Kf2 Ba6 21. Rhe1 Rxe1 22. Rxe1 Bc4 23. Re7 a5 24. Bd2 a4 25. Bc3 Bd5 26. g4 h6 27. f4 Rd8 28. f5 Bb3 29. h4 h5 30. g5 Rd5 31. f6 Rf5+ 32. Ke3 gxf6 33. Bxf6 Rf1 34. Re8+ Kh7 35. Rh8+ Kg6 36. Rh6+ Kf5 37. Rxh5 Rh1 38. Rh8 Kg4 39. Kd4 Bc2 40. Kc5 Bg6 41. Kxc6 Rf1 42. Kb5 Rf4 43. Ka5 Rc4 44. Rb8 Rc5+ 45. Kxa4 Kxh4 46. Kb4 Rf5 47. a4 Rf4+ 48. Ka5 Kh5 49. Rb4 Rf1 50. Kb6 Ra1 51. a5 Bd3 52. Rb3 Bf1 53. Ra3 Rd1 54. a6 Rd6+ 55. Kb7 Rd7+ 56. Kb8 1-0

[Event "CZE Extraliga 2021-22"]
[Site "Czech Republic"]
[Date "2021.10.17"]
[Round "2.5"]
[White "Jirovsky, Milos"]
[Black "Zilka, Stepan"]
[Result "0-1"]
[WhiteElo "2452"]
[BlackElo "2580"]
[Annotator "TA"]
[PlyCount "70"]
[EventDate "2021.10.17"]
[EventCountry "CZE"]
[SourceTitle "playchess.com"]
[Source "ChessBase"]
[SourceQuality "1"]

{[%evp 11,70,12,20,-1,0,-8,0,0,0,0,0,0,0,-21,-6,-27,-10,-27,-26,-39,-48,-50,-61,-66,-31,-30,-14,-18,-19,-16,0,0,6,4,9,7,41,43,30,43,47,58,68,41,29,-16,-10,-49,-55,-73,-81,-227,-208,-260,-254,-248,-234,-308,-305,-413,-439]} 1. c4 e6 2. Nf3 d5 3. g3 d4 4. Bg2 Nf6 5. O-O c5 6. d3 Nc6 7. Na3 {A09: Réti Opening: 1 Nf3 d5 2 c4.} Bd6 8. e3 O-O 9. exd4 {The position is equal.} cxd4 10. Nc2 e5 11. b4 Re8 12. Rb1 Bg4 13. h3 Bh5 14. g4 Bg6 {[#]} 15. Nh4 $146 {[#]} ({Predecessor:} 15. b5 Ne7 16. Nh4 e4 17. Nxd4 Bc7 18. Bb2 Qd6 19. f4 Bb6 20. dxe4 Bxe4 21. Bxe4 Nxe4 {0-1 (32) Rogozenco,D (2310)-Verdihanov,V Azov 1991}) 15... Ne4 $1 {[%cal Re4c3]} 16. dxe4 ({Don't blunder} 16. Nxg6 $2 Nc3 $19) (16. Bxe4 Qxh4) 16... Qxh4 17. c5 Be7 18. Ne1 a6 19. Nd3 Bg5 20. a4 {[%cal Ba2a4,Ba4b5][%mdl 32]} Bxc1 (20... f6 {looks sharper.} 21. Bxg5 Qxg5 22. Qc1 h6 23. b5 axb5 24. axb5 Nd8) 21. Rxc1 h5 22. b5 axb5 23. axb5 hxg4 24. Qxg4 Qxg4 25. hxg4 Na5 26. g5 Bh5 {[#] Strongly threatening ...Be2.} 27. Rfe1 Bg4 28. f4 exf4 29. Kf2 Bd7 30. Rb1 Nc4 31. e5 {Now White is beyond hope.} (31. Nxf4 $17 {was worth a try.} Ne5 32. Red1) 31... Ra2+ $19 32. Re2 Rxe2+ 33. Kxe2 Nxe5 {White must now prevent ...Bf5.} 34. Nxe5 Rxe5+ 35. Kf2 Rxc5 {Weighted Error Value: White=0.24/Black=0.05} 0-1

[Event "CZE Extraliga 2021-22"]
[Site "Czech Republic"]
[Date "2021.10.17"]
[Round "2.5"]
[White "PAR9 Jirovsky Milos GM 2452"]
[Black "NOV13 Zilka Stepan GM 2580"]
[Result "0-1"]
[WhiteElo "2452"]
[BlackElo "2580"]
[Annotator "NA"]
[PlyCount "70"]
[EventDate "2021.10.17"]
[EventCountry "CZE"]
[SourceTitle "playchess.com"]
[Source "ChessBase"]
[SourceQuality "1"]
[TimeControl "40/5400+30:1800+30"]

1. c4 {[%emt 0:00:07]} e6 {[%emt 0:00:13]} 2. Nf3 {[%emt 0:01:58]} d5 {[%emt 0:00:06]} 3. g3 {[%emt 0:00:39]} d4 {[%emt 0:00:54]} 4. Bg2 {[%emt 0:00:40]} Nf6 {[%emt 0:00:22]} 5. O-O {[%emt 0:01:10]} c5 {[%emt 0:00:33]} 6. d3 {[%emt 0:05:10]} Nc6 {[%emt 0:00:26]} 7. Na3 {[%emt 0:09:12]} Bd6 {[%emt 0:02:30]} 8. e3 {[%emt 0:02:47]} O-O {[%emt 0:00:36]} 9. exd4 {[%emt 0:07:27]} cxd4 {[%emt 0:00:18]} 10. Nc2 {[%emt 0:00:15]} e5 {[%emt 0:00:05]} 11. b4 {[%emt 0:10:47]} Re8 {[%emt 0:00:05]} 12. Rb1 {[%emt 0:02:52]} Bg4 {[%emt 0:00:18]} 13. h3 {[%emt 0:01:08]} Bh5 {[%emt 0:00:08]} 14. g4 {[%emt 0:02:42]} Bg6 {[%emt 0:00:08]} 15. Nh4 {[%emt 0:01:22]} Ne4 {[%emt 0:00:05]} 16. dxe4 {[%emt 0:03:10]} Qxh4 {[%emt 0:00:19]} 17. c5 {[%emt 0:00:46]} Be7 {[%emt 0:08:02]} 18. Ne1 {[%emt 0:00:45]} a6 {[%emt 0:09:55]} 19. Nd3 {[%emt 0:06:42]} Bg5 {[%emt 0:01:23]} 20. a4 {[%emt 0:02:51]} Bxc1 {[%emt 0:02:40]} 21. Rxc1 {[%emt 0:01:29]} h5 {[%emt 0:03:52]} 22. b5 {[%emt 0:18:30]} axb5 {[%emt 0:01:07]} 23. axb5 {[%emt 0:00:09]} hxg4 {[%emt 0:01:52]} 24. Qxg4 {[%emt 0:14:21]} Qxg4 {[%emt 0:00:05]} 25. hxg4 {[%emt 0:00:02]} Na5 {[%emt 0:00:06]} 26. g5 {[%emt 0:02:00]} Bh5 {[%emt 0:01:41]} 27. Rfe1 {[%emt 0:00:14]} Bg4 {[%emt 0:00:40]} 28. f4 {[%emt 0:02:15]} exf4 {[%emt 0:02:00]} 29. Kf2 {[%emt 0:01:14]} Bd7 {[%emt 0:05:51]} 30. Rb1 {[%emt 0:00:16]} Nc4 {[%emt 0:00:21]} 31. e5 {[%emt 0:02:17]} Ra2+ {[%emt 0:04:08]} 32. Re2 {[%emt 0:00:33]} Rxe2+ {[%emt 0:00:13]} 33. Kxe2 {[%emt 0:00:01]} Nxe5 {[%emt 0:00:07]} 34. Nxe5 {[%emt 0:00:48]} Rxe5+ {[%emt 0:00:11]} 35. Kf2 {[%emt 0:00:04]} Rxc5 {[%emt 0:00:37]} 0-1

[Event "CZE Extraliga 2021-22"]
[Site "Czech Republic"]
[Date "2021.10.17"]
[Round "2.5"]
[White "Jansa, Vlastimil"]
[Black "Malik, Jan"]
[Result "1/2-1/2"]
[WhiteElo "2420"]
[BlackElo "2288"]
[Annotator "NA"]
[PlyCount "102"]
[EventDate "2021.10.17"]
[EventCountry "CZE"]
[SourceTitle "playchess.com"]
[Source "ChessBase"]
[SourceQuality "1"]
[TimeControl "40/5400+30:1800+30"]

1. e4 {[%emt 0:00:03]} c5 {[%emt 0:00:05]} 2. Nf3 {[%emt 0:00:07]} d6 {[%emt 0:00:04]} 3. d4 {[%emt 0:00:07]} cxd4 {[%emt 0:00:05]} 4. Nxd4 {[%emt 0:00:02]} Nf6 {[%emt 0:00:07]} 5. Nc3 {[%emt 0:00:03]} a6 {[%emt 0:00:09]} 6. Bd3 g6 {[%emt 0:01:28]} 7. O-O {[%emt 0:03:32]} Bg7 {[%emt 0:00:34]} 8. Re1 {[%emt 0:00:48]} O-O {[%emt 0:00:44]} 9. Bf1 {[%emt 0:01:32]} Nc6 {[%emt 0:01:41]} 10. Nb3 {[%emt 0:01:21]} Bg4 {[%emt 0:03:37]} 11. f3 {[%emt 0:02:12]} Bd7 {[%emt 0:02:09]} 12. Be3 {[%emt 0:04:52]} Rc8 {[%emt 0:03:20]} 13. Nd5 {[%emt 0:15:48]} Nxd5 {[%emt 0:03:39]} 14. exd5 {[%emt 0:00:06]} Ne5 {[%emt 0:00:55]} 15. Bd4 {[%emt 0:02:43]} b5 {[%emt 0:07:16]} 16. c3 {[%emt 0:09:05]} Re8 {[%emt 0:01:05]} 17. Nd2 {[%emt 0:03:00]} Qc7 {[%emt 0:02:59]} 18. h3 {[%emt 0:08:50]} Bh6 {[%emt 0:03:41]} 19. Ne4 {[%emt 0:17:52]} f5 {[%emt 0:04:06]} 20. Nc5 {[%emt 0:03:13]} Nxf3+ {[%emt 0:08:09]} 21. Qxf3 {[%emt 0:00:06]} dxc5 {[%emt 0:00:07]} 22. Be5 {[%emt 0:00:47]} Qb6 {[%emt 0:01:10]} 23. h4 {[%emt 0:01:48]} Bg7 {[%emt 0:01:53]} 24. h5 {[%emt 0:00:48]} c4+ {[%emt 0:00:48]} 25. Kh1 {[%emt 0:00:32]} Bxe5 {[%emt 0:01:43]} 26. Rxe5 {[%emt 0:00:04]} Qf6 {[%emt 0:00:31]} 27. Rae1 {[%emt 0:00:23]} g5 {[%emt 0:12:27]} 28. g3 {[%emt 0:01:25]} Kh8 {[%emt 0:03:13]} 29. Bg2 {[%emt 0:01:22]} e6 {[%emt 0:03:37]} 30. dxe6 {[%emt 0:04:12]} Rxe6 {[%emt 0:01:43]} 31. Rxe6 {[%emt 0:00:51]} Bxe6 {[%emt 0:00:02]} 32. Qb7 {[%emt 0:00:26]} Rf8 {[%emt 0:18:16]} 33. Qxa6 {[%emt 0:02:52]} Bd7 {[%emt 0:00:45]} 34. Qxf6+ {[%emt 0:06:24]} Rxf6 {[%emt 0:00:02]} 35. Rd1 {[%emt 0:00:23]} Be6 {[%emt 0:02:46]} 36. Rd6 {[%emt 0:02:30]} Kg7 {[%emt 0:00:11]} 37. Rb6 {[%emt 0:01:36]} Bd5 {[%emt 0:03:38]} 38. Rxb5 {[%emt 0:01:26]} Bxg2+ {[%emt 0:00:07]} 39. Kxg2 {[%emt 0:00:17]} Kh6 {[%emt 0:00:09]} 40. Rc5 {[%emt 0:03:24]} Rb6 {[%emt 0:06:12]} 41. Rxf5 {[%emt 0:32:28]} Rxb2+ {[%emt 0:30:11]} 42. Kf3 {[%emt 0:00:00]} Rc2 {[%emt 0:00:00]} 43. Rf6+ {[%emt 0:00:00]} Kg7 {[%emt 0:00:00]} 44. Rc6 {[%emt 0:00:00]} Rxc3+ {[%emt 0:00:00]} 45. Kg4 {[%emt 0:00:00]} Ra3 {[%emt 0:00:00]} 46. h6+ {[%emt 0:00:00]} Kf7 {[%emt 0:00:00]} 47. Kh5 {[%emt 0:00:00]} Rxg3 {[%emt 0:00:00]} 48. Rxc4 {[%emt 0:00:00]} Ra3 {[%emt 0:00:00]} 49. Rc2 {[%emt 0:00:00]} Ra5 {[%emt 0:00:00]} 50. Rf2+ {[%emt 0:00:00]} Ke7 {[%emt 0:00:00]} 51. Rb2 {[%emt 0:00:00]} Kf6 {[%emt 0:00:00]} 1/2-1/2

[Event "CZE Extraliga 2021-22"]
[Site "Czech Republic"]
[Date "2021.10.17"]
[Round "2.5"]
[White "Jurcik, Martin"]
[Black "Rabatin, Jakub"]
[Result "0-1"]
[WhiteElo "2401"]
[BlackElo "2337"]
[Annotator "NA"]
[PlyCount "96"]
[EventDate "2021.10.17"]
[EventCountry "CZE"]
[SourceTitle "playchess.com"]
[Source "ChessBase"]
[SourceQuality "1"]
[TimeControl "40/5400+30:1800+30"]

1. e4 c5 2. Nf3 d6 3. d4 cxd4 4. Nxd4 Nf6 5. f3 Nc6 6. c4 Nxd4 7. Qxd4 g6 8. Nc3 Bg7 9. Be3 O-O 10. Qd2 Bd7 11. Be2 a5 12. b3 Bc6 13. O-O Nd7 14. Rab1 Nc5 15. a3 a4 16. b4 Nb3 17. Qd3 e5 18. Bd1 Nd4 19. Bxd4 exd4 20. Ne2 Bd7 21. Bc2 b5 22. Nxd4 Qb6 23. Rbd1 Rfc8 24. Kh1 Rxc4 25. Ne2 Be6 26. Qd2 Rac8 27. Bd3 R4c7 28. h3 Bb3 29. Rb1 Bc2 30. Rbc1 Bxd3 31. Qxd3 Rxc1 32. Rxc1 Rxc1+ 33. Nxc1 Qf2 34. Ne2 Qf1+ 35. Kh2 Be5+ 36. f4 Bxf4+ 37. Nxf4 Qxf4+ 38. Kg1 Qe5 39. h4 h5 40. g3 Kg7 41. Kg2 Qb2+ 42. Kh3 Qb3 43. Qxd6 Qxa3 44. Qe5+ Kh7 45. Qxb5 Qf3 46. Kh2 Qf2+ 47. Kh1 a3 48. Qe5 Qf1+ 0-1